| 000 | 01498nam a22002657a 4500 | ||
|---|---|---|---|
| 999 |
_c58542 _d58542 |
||
| 003 | Ge_BSU | ||
| 005 | 20220531135654.0 | ||
| 008 | 220531s2018 ge ||||| |||| 00| 0 geo d | ||
| 020 | _a 9789941952869 | ||
| 041 | _ageo | ||
| 080 | _a336.77(075.8) მ-86 | ||
| 100 |
_aმოსიაშვილი, ვალერი _913903 |
||
| 245 |
_aფულის მიმოქცევა და კრედიტი : _b[სახელმძღვანელო] / _cვალერი მოსიაშვილი, ეთერი მამაცაშვილი, ნათია ახალკაცი ; რედაქტორები: გ. ცაავა, რ. ბურდიაშვილი. |
||
| 264 |
_aთბილისი : _bდანი, _c 2018. |
||
| 300 |
_a588 გვ. ; _b20 სმ. |
||
| 500 | _aთავფურცლის მე-2 გვერდი ინგლ. ენაზე, მე-3 გვერდი რუს. ენაზე | ||
| 504 | _aბიბლიოგრ.: გვ. 578-581 | ||
| 653 | _aფულის მიმოქცევა | ||
| 653 | _aკრედიტი | ||
| 700 |
_aმამაცაშვილი, ეთერი _eავტორი _913906 |
||
| 700 |
_aახალკაცი, ნათია _eავტორი _913907 |
||
| 700 |
_aცაავა, გ. _eრედაქტორი _913908 |
||
| 700 |
_aბურდიაშვილი, რ. _eრედაქტორი _913909 |
||
| 942 |
_2udc _cBK |
||